Manažment zadlženosti mesta diplomová práca

Guardado en:
Detalles Bibliográficos
Autor principal: Černajová, Martina
Autor Corporativo: Národohospodárska fakulta EU. Katedra verejnej správy a regionálneho rozvoja
Otros Autores: Kozovský, Dušan
Formato: Libro
Lenguaje:eslovaco
Publicado: Bratislava 2009
Etiquetas: Agregar Etiqueta
Sin Etiquetas, Sea el primero en etiquetar este registro!

MARC

LEADER 00000nam$a2200000$$$4500
001 0098383
005 20240319124848.8
041 0 |a slo 
044 |a SK 
245 1 0 |a Manažment zadlženosti mesta  |b diplomová práca  |c Martina Černajová ; škol. Dušan Kozovský 
264 1 |a Bratislava  |c 2009 
300 |a 81 s. 
100 1 |a Černajová, Martina 
700 1 |a Kozovský, Dušan 
710 2 |a Národohospodárska fakulta EU. Katedra verejnej správy a regionálneho rozvoja